|
|
|
|
| LEADER |
01442nam a2200385 a 4500 |
| 001 |
EBC3019706 |
| 003 |
MiAaPQ |
| 005 |
20200520144314.0 |
| 006 |
m o d | |
| 007 |
cr cn||||||||| |
| 008 |
080725s2009 nyua sb 001 0 eng d |
| 010 |
|
|
|z 2008033041
|
| 020 |
|
|
|z 9781606921081 (hardcover : alk. paper)
|
| 020 |
|
|
|z 1606921088 (hardcover : alk. paper)
|
| 020 |
|
|
|a 9781613241172 (electronic bk.)
|
| 035 |
|
|
|a (MiAaPQ)EBC3019706
|
| 035 |
|
|
|a (Au-PeEL)EBL3019706
|
| 035 |
|
|
|a (CaPaEBR)ebr10671271
|
| 035 |
|
|
|a (OCoLC)704276431
|
| 040 |
|
|
|a MiAaPQ
|c MiAaPQ
|d MiAaPQ
|
| 043 |
|
|
|a e-sp---
|
| 050 |
|
4 |
|a HG186.S6
|b S617 2009
|
| 082 |
0 |
4 |
|a 320.60946
|2 22
|
| 245 |
0 |
0 |
|a Spain
|h [electronic resource] :
|b economic, political and social issues /
|c Pablo N. Costada, editor.
|
| 260 |
|
|
|a New York :
|b Nova Science Publishers,
|c c2009.
|
| 300 |
|
|
|a x, 215 p. :
|b ill. (some col.)
|
| 504 |
|
|
|a Includes bibliographical references and index.
|
| 533 |
|
|
|a Electronic reproduction. Ann Arbor, MI : ProQuest, 2015. Available via World Wide Web. Access may be limited to ProQuest affiliated libraries.
|
| 650 |
|
0 |
|a Finance
|z Spain.
|
| 651 |
|
0 |
|a Spain
|x Economic conditions
|y 1975-
|
| 651 |
|
0 |
|a Spain
|x Social conditions
|y 1975-
|
| 655 |
|
4 |
|a Electronic books.
|
| 700 |
1 |
|
|a Costada, Pablo N.
|
| 710 |
2 |
|
|a ProQuest (Firm)
|
| 856 |
4 |
0 |
|u https://ebookcentral.proquest.com/lib/matrademy/detail.action?docID=3019706
|z Click to View
|